serun
ՀԱՅ ԳԻՐՔ = Armenian Book

Կորնթացիներին ուղղված առաջին թղթի մեկնություն / (Record no. 166247)

000 -LEADER
fixed length control field nam a22 a 4500
003 - CONTROL NUMBER IDENTIFIER
control field AM-YeNLA
005 - DATE AND TIME OF LATEST TRANSACTION
control field 20260418142426.0
007 - PHYSICAL DESCRIPTION FIXED FIELD--GENERAL INFORMATION
fixed length control field ta
008 - FIXED-LENGTH DATA ELEMENTS--GENERAL INFORMATION
fixed length control field 260418s2025 ai ||||gr|||||000|0|arm||
020 ## - INTERNATIONAL STANDARD BOOK NUMBER
International Standard Book Number 978-9939-59-351-7
040 ## - CATALOGING SOURCE
Language of cataloging arm
Transcribing agency AM-YeNLA
041 0# - LANGUAGE CODE
Language code of text/sound track or separate title arm
100 1# - MAIN ENTRY--PERSONAL NAME
Personal name Գալուստյան, Շնորհք
9 (RLIN) 32310
Titles and words associated with a name Արքեպիսկոպոս,
Dates associated with a name 1913-1990
245 10 - TITLE STATEMENT
Title Կորնթացիներին ուղղված առաջին թղթի մեկնություն /
Statement of responsibility, etc. Շնորհք պատրիարք Գալուստյան ; Փոխադրությունը արևելահայերենի՝ Մ. Խաչատրյանի ; Խմբագիր՝ Ն. սարկավագ Գասպարյան ; [Սրբագրիչ՝ Ս. Գրիգորյան] ; Կաթողիկոսություն Ամենայն Հայոց.
246 15 - VARYING FORM OF TITLE
Title proper/short title Commentary on the first epistle to the Corinthians
246 15 - VARYING FORM OF TITLE
Title proper/short title Толкование первого послания к Коринфянам
260 ## - PUBLICATION, DISTRIBUTION, ETC. (IMPRINT)
Place of publication, distribution, etc. Ս. Էջմիածին :
Name of publisher, distributor, etc. Մայր Աթոռ Ս. Էջմիածնի հրատ.,
Date of publication, distribution, etc. 2025.
300 ## - PHYSICAL DESCRIPTION
Extent 623 էջ ;
Dimensions 21 սմ.
504 ## - BIBLIOGRAPHY, ETC. NOTE
Bibliography, etc Տողատակերում՝ մատենագիտական ծանոթագրություններ։
650 14 - SUBJECT ADDED ENTRY--TOPICAL TERM
Topical term or geographic name as entry element Կրոնական գրականություն
651 #4 - SUBJECT ADDED ENTRY--GEOGRAPHIC NAME
Geographic name Արցախի Հանրապետություն
General subdivision Պատմություն
700 1# - ADDED ENTRY--PERSONAL NAME
Personal name Խաչատրյան, Մարգարիտա
Relator term փոխադրեց
Relator code adp
700 1# - ADDED ENTRY--PERSONAL NAME
Personal name Գասպարյան, Նարեկ
Titles and other words associated with a name սարկավագ
Relator term խմբագիր
Relator code edt
700 1# - ADDED ENTRY--PERSONAL NAME
Personal name Գրիգորյան, Սիրանուշ
Relator term սրբագրիչ
Relator code crr
710 2# - ADDED ENTRY--CORPORATE NAME
Corporate name or jurisdiction name as entry element Կաթողիկոսություն Ամենայն Հայոց
942 ## - ADDED ENTRY ELEMENTS (KOHA)
Source of classification or shelving scheme
Koha item type Books
Holdings
Withdrawn status Lost status Source of classification or shelving scheme Damaged status Not for loan Permanent Location Current Location Date acquired Inventory number Date last seen Price effective from Koha item type
          National Library of Armenia National Library of Armenia 2026-04-18 ՀԱԳ 2026-04-18 2026-04-18 Books

Հայաստանի ազգային գրադարան ՀՀ, 0009,Երևան, Տերյան 72
Հետադարձ կապ